00835 2200181 4500001002100000005001500021035002000036245007400056100001900130250001700149300002800166260003100194082001200225084001800237020002200255650001700277520035900294INLIS00000000000004520240320091630 a0010-03240000451 aPanglima Muslim Penakluk Negeri :bThariq bin Ziyad /cNelfi Syafrina0 aNelfi Syafrina acetakan ke-1 a36 hlm :bilus ;c19 cm aSolo :bTiga Ananda,c2018 a297.092 a297.092 NEL p a978-602-366-542-6 4aReligi Islam a“Dahulu, Andalusia (Spanyol) dipimpin oleh raja yang semena-mena. Akibatnya, rakyat Andalusia hidup dalam kesusahan dan kemiskinan. Untunglah ada pasukan Islam yang datang membantu mereka. Thariq bin Ziyad dan pasukan Islam yang gagah berani berhasil membebaskan Andalusia. Islam pun berjaya di Andalusia. Bagaimana Thariq bin Ziyad melakukan hal itu?